El traje del emperador: arte y recepción pública en el Chile de las cuatro últimas décadas
Saved in:
| Hovedforfatter: | |
|---|---|
| Format: | Bog |
| Sprog: | spansk |
| Udgivet: |
Santiago
Metales Pesados
2011
|
| Fag: | |
| Tags: |
Tilføj Tag
Ingen Tags, Vær først til at tagge denne postø!
|
MARC
| LEADER | 00000cam a2200000 a 4500 | ||
|---|---|---|---|
| 001 | UCG8642 | ||
| 003 | CL-VaPUC | ||
| 008 | 111223e20110500CL |||||||||||||||||spa|d | ||
| 020 | |a 9789568415419 | ||
| 082 | 0 | 4 | |a 709.83 |b MAC |2 21 |
| 100 | |a Machuca Carvajal, Guillermo |e autor |9 537034 | ||
| 245 | 1 | 3 | |a El traje del emperador: arte y recepción pública en el Chile de las cuatro últimas décadas |
| 300 | |a 232 p | ||
| 942 | |c BK | ||
| 945 | |d 20111223 00:00:00 |a dcastane | ||
| 260 | |a Santiago |b Metales Pesados |c 2011 | ||
| 650 | 0 | |a Artistas chilenos |9 344566 | |
| 650 | 0 | |a Arte chileno |9 369871 | |
| 650 | 0 | |a Arte |y Siglo 20 |9 267709 | |
| 583 | |a last modification |c 20140110 04:58:11 |k Rodrigo Vera | ||
| 999 | |c 346246 |d 346244 | ||
| 952 | |0 0 |1 0 |4 0 |6 709_830000000000000_MAC_2011 |7 0 |8 A |9 446865 |a BIBART |b BIBART |d 2019-11-22 |i 4815033 |o 709.83 MAC 2011 |p 4815033 |r 2025-03-13 |w 2019-11-22 |y BK |k ART | ||
| 952 | |0 0 |1 0 |4 0 |6 709_830000000000000_MAC_2011 |7 0 |8 A |9 446866 |a BIBART |b BIBART |d 2019-11-22 |i 4817869 |o 709.83 MAC 2011 |p 4817869 |r 2025-03-13 |w 2019-11-22 |y BK |k ART | ||
| 952 | |0 0 |1 0 |3 erb |4 0 |6 709_830000000000000_MAC_2011 |7 0 |8 A |9 446867 |a BIBART |b BIBART |i 5049857 |o 709.83 MAC 2011 |p 5049857 |r 2025-03-13 |w 2019-11-22 |y BK |z Catalogado en:20140116 |k ART | ||
| 952 | |0 0 |1 0 |3 erb |4 0 |6 709_830000000000000_MAC_2011 |7 0 |8 A |9 446868 |a BIBART |b BIBART |i 5074878 |o 709.83 MAC 2011 |p 5074878 |r 2025-03-13 |w 2019-11-22 |y BK |z Catalogado en:20140529 |k ART | ||
| 952 | |0 0 |1 0 |3 erb |4 0 |6 709_830000000000000_MAC_2011 |7 0 |8 A |9 446869 |a BIBEDU |b BIBEDU |i 5403642 |o 709.83 MAC 2011 |p 5403642 |r 2019-11-22 |w 2019-11-22 |y BK |z Catalogado en:20170630 |k LIT | ||